Jur pri Bratislave Múzeum Petra Jilemnického

Zobrazenie: Pohľad do miestnosti s expozíciami. Vchod do miestnosti je vpravo. Na stenách sú zasklenné dokumenty a fotografie. Nad expozíciami, ktoré sú na stene vľavo, je citát a pod nimi je vitrína s exponátmi. Druhá stolová vitrína s exponátmi je v popredí vľavo. V pravom dolnom rohu je skrinka,...

Full description

Bibliographic Details
Other Authors: Kedro, Rudolf, narodený 1906 (Photographer)
Format: Postcard
Language:Slovak
PhysicalDescription:1 pohľadnica čiernobiela 11 x 15 cm
Published: Bratislava Epocha 1970
Subjects:

MARC

LEADER 00000nkm a2200000 a 4500
001 vtls012020419
003 SK-MaSNL
005 20260512122005.0
007 kp bo
008 230706s1970 xo g 0kuslo
015 |a SNBG1970 
035 |a urn:nbn:sk:snk-km00faeq 
035 |a urn:nbn:sk:snk-km45sgm 
035 |a B6252FD9-1933-457B-AE8F-22480915A36C 
040 |a SNK  |b slo  |c SNK  |e AACR2 
041 0 |a slo 
043 |a e-xo--- 
044 |a xo  |c SK 
072 7 |a 913  |x Regionálna geografia  |2 konspekt 
072 7 |a 913(437.6)  |2 2011 
072 7 |a 72.012.8  |2 2011 
072 7 |a 069  |2 2011 
080 |a (084.121)  |2 2011 
100 1 |a Kedro, Rudolf,  |d narodený 1906  |4 pht  |9 60959 
245 1 0 |a Jur pri Bratislave  |h grafika  |b Múzeum Petra Jilemnického  |c foto Rudolf Kedro 
260 |a Bratislava  |b Epocha  |c 1970 
300 |a 1 pohľadnica  |b čiernobiela  |c 11 x 15 cm 
520 8 |a Zobrazenie: Pohľad do miestnosti s expozíciami. Vchod do miestnosti je vpravo. Na stenách sú zasklenné dokumenty a fotografie. Nad expozíciami, ktoré sú na stene vľavo, je citát a pod nimi je vitrína s exponátmi. Druhá stolová vitrína s exponátmi je v popredí vľavo. V pravom dolnom rohu je skrinka, na ktorej je v kvetináči rastlina. V ľavom hornom rohu je kruhový luster 
600 1 7 |a Jilemnický, Peter,  |d 1901-1949  |2 SNKMA  |9 108039 
610 2 7 |a Múzeum Petra Jilemnického (Svätý Jur, Slovensko)  |2 SNKKA  |9 176966 
650 0 7 |a expozície  |2 SNKPH  |9 29734 
650 0 7 |a interiéry  |2 SNKPH  |9 2953 
650 0 7 |a múzeá  |2 SNKPH  |9 4119 
651 7 |a Svätý Jur (Slovensko)  |2 SNKPHgeo  |9 59386 
655 7 |a miestne pohľadnice  |2 SNKPH  |9 70510 
852 |a Slovenská národná knižnica 
958 |a GBN 
958 |a GC 
958 |a OND 
999 |c 560513  |d 562443 
952 |a SNK  |b SNK  |y PREZ  |7 0  |p 17A1276083  |o snkSP 47465  |0 0  |1 0  |4 0  |d 2021-03-31  |f 1  |l 0  |r 2026-02-23 13:40:14  |w 2026-02-23